000 00623cam a22002172 4500
001 0000006101
005 20151217154357.0
008 070914s xx 000 0 eng d
020 _a8129702010 :
_cKES 1,380
040 _aKABU
_cKABU
100 1 _aKotler, Philip.
_@0000097559
245 1 0 _aPrinciples of marketing /
_cPhilip Kotler, Gary Armstrong.
250 _a10th ed.
260 _aDelhi :
_bPearson,
_c2004.
300 _a689 p.
650 0 _aMarketing.
_@0000151351
700 1 _aArmstrong, Gary.
_@0000097560
908 _a070914
950 _@1
999 _c10872
_d10872